Capitalele Europei - Statistics

General Stats
  • This quiz has been taken 180 times
  • The average score is 32 of 45
Answer Stats
Ţară Capitala % Correct
Grecia Atena
93%
Italia Roma
93%
Franța Paris
91%
Germania Berlin
89%
Moldova Chișinău
85%
Bulgaria Sofia
85%
Irlanda Dublin
84%
Austria Viena
84%
Rusia Moscova
82%
Cehia Praga
82%
România București
80%
Norvegia Oslo
80%
Ucraina Kiev
78%
Portugalia Lisabona
78%
Spania Madrid
78%
Serbia Belgrad
76%
Belgia Bruxelles
76%
Ungaria Budapesta
76%
Regatul Unit Londra
76%
Luxemburg Luxemburg
76%
Olanda Amsterdam
75%
Danemarca Copenhaga
75%
Monaco Monaco
75%
Croația Zagreb
75%
Polonia Varșovia
73%
Vatican Vatican
73%
Belarus Minsk
71%
San Marino San Marino
71%
Albania Tirana
71%
Finlanda Helsinki
65%
Letonia Riga
65%
Elveția Berna
64%
Bosnia și Herțegovina Sarajevo
64%
Andorra Andorra la Vella
62%
Estonia Tallinn
62%
Slovacia Bratislava
58%
Suedia Stockholm
58%
Lituania Vilnius
58%
Macedonia de Nord Skopje
53%
Malta Valletta
51%
Muntenegru Podgorica
45%
Islanda Reykjavik
45%
Liechtenstein Vaduz
44%
Kosovo Pristina
42%
Slovenia Ljubljana
35%
No matching quizzes found
Score Distribution
Percent of People with Each Score
Percentile by Number Answered
Your Score History
You have not taken this quiz